Abel a rengetegben (Înregistrare nr. 27)

Detalii MARC
000 -LEADER
fixed length control field 00586nam a2200181 a 4500
005 - DATE AND TIME OF LATEST TRANSACTION
control field 20260702183512.0
020 ## - INTERNATIONAL STANDARD BOOK NUMBER
International Standard Book Number 9789731234561
041 0# - LANGUAGE CODE
Language code of text/sound track or separate title hun
082 04 - DEWEY DECIMAL CLASSIFICATION NUMBER
Classification number 821.511.141-31 TAM
100 1# - MAIN ENTRY--PERSONAL NAME
Personal name Tamasi, Aron
245 10 - TITLE STATEMENT
Title Abel a rengetegben
260 ## - PUBLICATION, DISTRIBUTION, ETC.
Place of publication, distribution, etc. Csikszereda
Name of publisher, distributor, etc. Pallas-Akademia
Date of publication, distribution, etc. 2019
300 ## - PHYSICAL DESCRIPTION
Extent 232 p. : il.
Dimensions 20 cm
520 ## - SUMMARY, ETC.
Summary, etc. Roman clasic maghiar despre Ábel, un tânăr secui trimis să administreze pădurea familiei în Munții Harghitei; o poveste despre maturizare, libertate și umor.
546 ## - LANGUAGE NOTE
Language note Text în limba maghiară
650 #0 - SUBJECT ADDED ENTRY--TOPICAL TERM
Topical term or geographic name entry element Roman maghiar
942 ## - ADDED ENTRY ELEMENTS (KOHA)
Koha item type Carte
Exemplare
Withdrawn status Lost status Damaged status Not for loan Home library Current library Date acquired Total checkouts Full call number Barcode Date last seen Price effective from Koha item type Date due Date last checked out
        Biblioteca Comunală Ditrău Biblioteca Comunală Ditrău 07/02/2026 1 821.511.141-31 TAM ARTABHR0127 07/05/2026 07/02/2026 Carte 07/03/2026 07/05/2026
        Biblioteca Județeană Kájoni János Biblioteca Județeană Kájoni János 07/02/2026   821.511.141-31 TAM ARTABJHR27 07/02/2026 07/02/2026 Carte